| 000 | 00712nam a2200217 i 4500 | ||
|---|---|---|---|
| 001 | 54294 | ||
| 003 | ES-MaACL | ||
| 005 | 20240426103823.0 | ||
| 007 | t| | ||
| 008 | 960718s1868 po ||||1| por d | ||
| 040 |
_aCAM _bspa _cCAM |
||
| 245 | 0 | 0 |
_aFloresta de varios romances / _cpor Theophilo Braga. |
| 260 |
_aPorto : _b[s.n.], _c1868 ( _ftyp. da Livraria Nacional) |
||
| 300 |
_aLIII, [1] en bl., 217 p. ; _c18 cm. |
||
| 490 | 1 |
_aCancioneiro e romanceiro geral portuguez ; _v5 |
|
| 650 | 4 |
_aRomances- _zPortugal. _9170623 |
|
| 700 | 1 |
_aBraga, Teófilo, _d1843-1924 _931276 |
|
| 830 | 0 |
_aCancioneiro e romanceiro geral portuguez ; _v5 _9230295 |
|
| 852 |
_aES-MaACL _jG-8387 |
||
| 999 |
_c54294 _d54294 |
||